Doce docenas / (Record no. 183712)

MARC details
000 -LEADER
campo de control de longitud fija 00843nam a2200193 i 4500
001 - NÚMERO DE CONTROL
campo de control 183712
003 - IDENTIFICADOR DE NÚMERO DE CONTROL
campo de control ES-MaACL
005 - FECHA Y HORA DE LA ÚLTIMA TRANSACCIÓN
campo de control 20240120062957.0
008 - DATOS DE LONGITUD FIJA--INFORMACIÓN GENERAL
campo de control de longitud fija 141002s2011 sp | |||||||| | spa d
020 ## - NÚMERO INTERNACIONAL ESTÁNDAR DEL LIBRO
Número Internacional Estándar del Libro 978-84-9973-235-0
080 ## - NÚMERO DE LA CLASIFICACIÓN DECIMAL UNIVERSAL
Número de la Clasificación Decimal Universal 821.134.2-34"19"
100 1# - ENTRADA PRINCIPAL--NOMBRE DE PERSONA
Nombre de persona Ruiz de Torres, Juan,
Fechas asociadas al nombre 1931-2014
9 (RLIN) 155342
245 10 - MENCIÓN DEL TÍTULO
Título Doce docenas /
Mención de responsabilidad, etc. Juan Ruiz de Torres.
260 ## - PUBLICACIÓN, DISTRIBUCIÓN, ETC.
Lugar de publicación, distribución, etc. Málaga :
Nombre del editor, distribuidor, etc. Corona del Sur,
Fecha de publicación, distribución, etc. 2011.
300 ## - DESCRIPCIÓN FÍSICA
Extensión 3 v. ;
Dimensiones 19 cm.
505 8# - NOTA DE CONTENIDO CON FORMATO
Nota de contenido con formato Contine: v. 2. Historias de Cleta ; Historias de un niño ; Historias de amor (210 p.) -- v. 3. Historias de tierra adentro ; Historias de arqueología ; Historias de fantasía y S.F. (ciencia-ficción) (277 p.) -- v. 4. Historia de misterio y suspense ; Historias del lado oscuro ; Historias de humor (218 p.)
852 ## - LOCALIZACIÓN
Ubicación ES-MaACL
Número de control de estantería P-1972
Holdings
Estatus retirado Estado de pérdida Estado de daño No para préstamo Biblioteca de origen Biblioteca actual Ubicación en estantería Fecha de adquisición Fuente de adquisición Total de préstamos Signatura topográfica completa Código de barras Visto por última vez Precio de reemplazo Tipo de ítem Koha
        Biblioteca del Ateneo de Madrid Biblioteca del Ateneo de Madrid Depósito 2 02/10/2014     P-1972 1193143 23/02/2023 23/02/2023 Libro impreso